Statistics for Nearest Countries to Iceland

Click here to take the quiz!

General Stats

  • This quiz has been taken 184 times
  • The average score is 17 of 18

Answer Stats

kmAnswer% Correct
973Norway
99%
1239Sweden
99%
783United Kingdom
98%
1472Denmark
97%
1501Finland
97%
1783Belgium
97%
1079Ireland
96%
1657Netherlands
96%
1815Russia
95%
1773France
95%
1639Canada
95%
1632Germany
94%
1971Poland
91%
1949Estonia
88%
1989Luxembourg
88%
2024Latvia
87%
2103Lithuania
86%
2209Czech Republic
78%

Score Distribution

Percentile by Number Answered

Percent of People with Each Score

Your Score History

You have not taken this quiz